Statistics for Colombia... or Venezuela?

Click here to take the quiz!

General Stats

  • This quiz has been taken 71 times
  • The average score is 11 of 15

Answer Stats

QuestionAnswer% Correct
Has Spanish as an official language?Both
97%
Has the colors yellow, red, and blue on its flag?Both
97%
Borders Panama?Colombia
97%
Has stars on its flag?Venezuela
95%
Has a bay known as Lake Maracaibo?Venezuela
94%
Became independent from France?Neither
92%
Borders Bolivia?Neither
82%
Is bigger in area?Colombia
80%
Its capital city is further north.Venezuela
80%
Has a higher maximum elevation point?Colombia
74%
Uses the Bolívar Soberano as its currency?Venezuela
74%
Drives on the right side of the road?Both
73%
Is the country with the highest average rainfall in the world?Colombia
53%
Has Congress as its legislature?Colombia
35%
Prior to 2006, had its coat of arms on its flag.Venezuela
24%

Score Distribution

Percentile by Number Answered

Percent of People with Each Score

Your Score History

You have not taken this quiz